000 00243nam a2200109Ia 4500
008 220216s9999 xx 000 0 und d
100 _aBose N
245 0 _aOddisiayile rubber krishi
260 _bRubber
_c2013
300 _a14-16
942 _cJS
999 _c64312
_d64312